| 000 | 00396pam a2200169 a 4500 | ||
|---|---|---|---|
| 020 | _cxiii hard bond | ||
| 041 | _aeng | ||
| 082 |
_a621.391 6 _bPAR |
||
| 100 | _aPARKER SYBILL | ||
| 245 |
_aELECTRONICS and COMPUTERS _hTextual Documents |
||
| 250 | _a01-01-1988 | ||
| 260 | _bMC GRAW HILL | ||
| 300 | _a1047 | ||
| 500 | _a882 | ||
| 653 | _aDIGITAL DESIG and COMP. ORG.(T.E.) | ||
| 930 | _a705 | ||
| 999 |
_c43935 _d43935 |
||